Determining, measuring, and analyzing the benefits of GIS : includes numerous case studies from state and local government : selected papers for state and local government officials as well as GIS professionals / edited by Stephen R. Gillespie.

Bibliographic Details
Corporate Author: Urban and Regional Information Systems Association
Other Authors: Gillespie, Stephen R.
Format: Book
Language:English
Published: Park Ridge, Ill. : The Urban and Regional Information Systems Association, [2000]
Subjects:

MARC

Tag First Indicator Second Indicator Subfields
LEADER 00000cam a2200000Ia 4500
001 in00001761874
005 20151025051827.0
008 010119s2000 ilua b 000 0 eng d
020 |a 0916848213 
035 |a (OCoLC)ocm45750106 
040 |a SPI  |c SPI  |d GZM  |d OCL  |d TXA  |d UtOrBLW 
049 |a TXAM 
090 |a G70.212  |b .D474 2000 
092 |a 910.285  |b DETE 
245 0 0 |a Determining, measuring, and analyzing the benefits of GIS :  |b includes numerous case studies from state and local government : selected papers for state and local government officials as well as GIS professionals / edited by Stephen R. Gillespie. 
246 3 0 |a Benefits of GIS 
264 1 |a Park Ridge, Ill. :  |b The Urban and Regional Information Systems Association,  |c [2000] 
264 4 |c ©2000 
300 |a 1 volume (various pagings) :  |b illustrations ;  |c 28 cm. 
336 |a text  |b txt  |2 rdacontent 
337 |a unmediated  |b n  |2 rdamedia 
338 |a volume  |b nc  |2 rdacarrier 
504 |a Includes bibliographical references. 
650 0 |a Geographic information systems  |x Cost effectiveness. 
650 0 |a Geography  |x Computer network resources. 
700 1 |a Gillespie, Stephen R. 
710 2 |a Urban and Regional Information Systems Association. 
948 |a cataloged  |b h  |c 2003/7/28  |d c  |e jgreene  |f 3:31:40 pm 
994 |a E0  |b TXA 
999 |a MARS 
999 f f |s c32cc59b-dae6-3ab4-bc86-37d732f746ab  |i 82df000f-d488-3a91-85c5-352ee56787f9  |t 0 
952 f f |p ric  |a Texas A&M University  |b Rellis Campus  |c Joint Library Facility  |d Remote Storage  |t 0  |e G70.212 .D474 2000  |h Library of Congress classification  |i unmediated -- volume  |m A14830433939 
998 f f |a G70.212 .D474 2000  |t 0  |l Remote Storage